Brand design s aplikáciou na spoločnosť UniCredit Bank diplomová práca

Salvato in:
Dettagli Bibliografici
Autore principale: Melko, Vladimír
Ente Autore: Obchodná fakulta EU. Katedra medzinárodného obchodu
Altri autori: Škorvagová, Simona
Natura: Libro
Lingua:slovacco
Pubblicazione: Bratislava 2010
Tags: Aggiungi Tag
Nessun Tag, puoi essere il primo ad aggiungerne!!

MARC

LEADER 00000nam a2200000 4500
001 0120166
005 20240318121854.8
041 0 |a slo 
044 |a SK 
245 1 0 |a Brand design s aplikáciou na spoločnosť UniCredit Bank  |b diplomová práca  |c Vladimír Melko ; škol. Simona Škorvagová 
264 1 |a Bratislava  |c 2010 
300 |a 82 s. 
100 1 |a Melko, Vladimír 
700 1 |a Škorvagová, Simona 
710 2 |a Obchodná fakulta EU. Katedra medzinárodného obchodu